000
00265nam a2200109Ia 4500
008
200302s9999 xx 000 0 und d
100
_a
Tomas F. Banchoff
245
_a
Beyibd The Third Dimensions
260
_b
A Division of Hphlp
260
_c
1990
300
_a
210 P.,
999
_c
2395
_d
2395